000 00386nam a2200133Ia 4500
008 100328s9999 xx 000 0 und d
082 _b42293
100 _aव्हटकर अशोक
245 _aअजिंक्य आंबी
260 _bसुयोग
630 _aअजिंक्य आंबी
730 _aअजिंक्य आंबी
942 _cBOOK
999 _c530758
_d530755